000 01451nam a2200313 i 4500
001 000022448
003 DO-SdBNP
005 20250822102230.0
007 ta
008 101011s2006 dr a 001 0 spa d
020 _a9945408046
040 _aDO-SdBNP
_bspa
_cBNPHU
_erda
041 _asp
082 4 _a001.42
_bU75c
_222
100 1 _aUreña, Alejandro
_eautor
_946272
245 1 0 _aCómo hacer una tesis /
_cAlejandro Ureña.
264 _aSanto Domingo :
_bArgos,
_c2006.
300 _a94 páginas :
_bilustraciones ;
_c23 cm.
336 _ardacontent
_btexto
_2txt
337 _ardamedia
_bsin mediación
_2n
338 _ardacarrier
_bvolumen
_2nc
504 _aBibliografía : p. 94
505 2 _a¿Que es una tesis? -- Definición de lo que es una tesis -- ¿Como se hace una tesis? -- Propuesta o anteproyecto de tesis -- Contenido de la propuesta -- Método y técnica de investigación -- Metodología a utilizar -- Recopilación de datos -- Manejo de datos -- El internet y la tesis -- Redacción de la tesis -- Importancia de una buena redacción -- Estilos de redacción -- Normas para la presentación de la tesis Presentación final -- Diagramación de la tesis -- Examen final de tesis -- Preparativos finales - Bibliografía.
590 _aInventariado, 2022/BT
650 0 _aTesis y disertaciones académicas
_919630
650 4 _aInvestigacion cientifica
_xMetodologia
_910
910 _aValidado MFF
942 _2ddc
_cLBS1
999 _c21946
_d21946